MDQL
is popping MORE tags! Check the
thread
!
Quizzes
Events
Quiz Creation
Community
Videos
Private Events
Remove Ads
Sign In
Join for FREE
Feedback
Dark Mode
Quiz Categories
Sports
Geography
Music
Movies
Television
Just For Fun
Miscellaneous
History
Literature
Language
Science
Gaming
Entertainment
Religion
Holiday
For Kids
Quiz Lab
Recent
Popular Today
Quiz Kudos Today
Editor Picks
Curator Picks
Quizzes by...
Day
Popularity
Type
Ratings
Length
Year
Community
Subscriptions
Recent Discussions
Orange Saloon
Badges
Playlists
Quests
Create
Leaderboards
Showdown
Live 5
Trivia Bingo
Activity
Puzzle Library
Sporcle Events
Private Events
Virtual Trivia
Globe League
Become a Host
Pub Owners
SporcleCon
Opinionation
Our Games
Videos
Blog
Mobile Apps
Partnerships
Remove Ads and Go Orange
Feedback
Sports
Athletes
MLB
NBA
NHL
NFL
Soccer
Sports Teams
WWE
NCAA
Football
Premier League
Basketball
Baseball
Hockey
Golf
Tennis
Cricket
Rugby
Auto Racing
Olympics
World Cup
Sports
Athletes
MLB
NBA
NHL
NFL
Soccer
Sports Teams
WWE
NCAA
Football
Premier League
Basketball
Baseball
Hockey
Golf
Tennis
Cricket
Rugby
Auto Racing
Olympics
World Cup
Random Quiz
Search Sporcle
×
Curator Pick
Curator Pick
Sports
WWE
Type in answers that appear in a list
Type in answers that appear in a list
Classic
Best Score? Go Orange.
Mick Foley's WWE PPV Opponents Stats
Can you name the WWF/E Pay-Per-View Opponents of Mick Foley?
By
bflan686
10m
85 Questions
11.6K Plays
11,615 Plays
11,615 Plays
Comments
Comments
Give Quiz Kudos
Give Quiz Kudos
-
- Ratings
hide this ad
Replay
Link that replays current quiz
Next Quiz
Link to next quiz in quiz playlist
You Got
0%
They Got
Avg Score
83%
Avg Friend Score
Upgrade to see
Score Distribution
Jump to the score distribution portion of the page
Score
0/85
Timer
10:00
0
Plays Today
PPV
Opponent(s)
% Correct
In Your House 7: Good Friends, Better Enemies
The Undertaker
97.9%
King of the Ring 1996
The Undertaker
97.9%
SummerSlam 1996
The Undertaker
97.9%
In Your House 11: Buried Alive
The Undertaker
97.9%
Survivor Series 1996
The Undertaker
97.9%
Royal Rumble 1997
The Undertaker
97.9%
In Your House 14: Revenge of the 'Taker
The Undertaker
97.9%
King of the Ring 1998
The Undertaker
97.9%
Fully Loaded: In Your House
The Undertaker
97.9%
WWF Capital Carnage
The Undertaker
97.9%
In Your House 15: A Cold Day in Hell
Rocky Maivia
97.6%
Breakdown: In Your House
The Rock
97.6%
Survivor Series 1998
The Rock
97.6%
Rock Bottom: In Your House
The Rock
97.6%
St. Valentine's Day Massacre
The Rock
97.6%
Unforgiven 1999
The Rock
97.6%
Wrestlemania 2000
The Rock
97.6%
King of the RIng 1997
Hunter Hearst Helmsley
96.8%
In Your House 16: Canadian Stampede
Hunter Hearst Helmsley
96.8%
SummerSlam 1997
Hunter Hearst Helmsley
96.8%
WWF One Night Only
Hunter Hearst Helmsley
96.8%
No Way Out of Texas: In Your House
Triple H
96.8%
SummerSlam 1999
Triple H
96.8%
Unforgiven 1999
Triple H
96.8%
Royal Rumble 2000
Triple H
96.8%
No Way Out 2000
Triple H
96.8%
Wrestlemania 2000
Triple H
96.8%
Royal Rumble 2008
Triple H
96.8%
Unforgiven: In Your House
Stone Cold Steve Austin
95.5%
PPV
Opponent(s)
% Correct
Over the Edge: In Your House
Stone Cold Steve Austin
95.5%
Fully Loaded: In Your House
Stone Cold Steve Austin
95.5%
Survivor Series 1998
Stone Cold Steve Austin
95.5%
WWF Capital Carnage
Stone Cold Steve Austin
95.5%
SummerSlam 1999
Stone Cold Steve Austin
95.5%
Survivor Series 1997
Kane
95.1%
WWF Capital Carnage
Kane
95.1%
Unforgiven 1999
Kane
95.1%
Royal Rumble 1999
The Rock
94.3%
Wrestlemania 22
Edge
91.6%
Wrestlemania XX
Randy Orton
90.2%
Backlash 2004
Randy Orton
90.2%
Vengeance 2007
Randy Orton
90.2%
Wrestlemania XV
The Big Show
89.9%
Backlash: In Your House
The Big Show
89.9%
Unforgiven 1999
The Big Show
89.9%
Wrestlemania 2000
The Big Show
89.9%
In Your House 10: Mind Games
Shawn Michaels
89.8%
In Your House 12: It's Time
Shawn Michaels
89.7%
No Way Out of Texas: In Your House
The Road Dogg
87.2%
WrestleMania XIV
The Road Dogg
87.2%
SummerSlam 1998
The Road Dogg
87.2%
Survivor Series 1999
The Road Dogg
87.2%
Armageddon 1999
The Road Dogg
87.2%
No Way Out of Texas: In Your House
Billy Gunn
87.1%
WrestleMania XIV
Billy Gunn
87.1%
SummerSlam 1998
Billy Gunn
87.1%
No Mercy (UK)
Billy Gunn
87.1%
Survivor Series 1999
Billy Gunn
87.1%
PPV
Opponent(s)
% Correct
Armageddon 1999
Billy Gunn
87.1%
Wrestlemania XX
Ric Flair
85.2%
Wrestlemania XX
Batista
83.5%
Wrestlemania 13
Owen Hart
82.9%
Wrestlemania 13
Davey Boy Smith
76.2%
Unforgiven 1999
The British Bulldog
76.2%
ECW One Night Stand 2006
Terry Funk
74.6%
Breakdown: In Your House
Ken Shamrock
73.4%
Judgment Day: In Your House
Ken Shamrock
73.4%
Vengeance 2007
John Cena
72.8%
ECW One Night Stand 2006
Tommy Dreamer
68.1%
Over the Edge 1999
Bradshaw
65.2%
Over the Edge 1999
The Big Bossman
63.8%
Over the Edge 1999
Faarooq
62%
Survivor Series 1998
Al Snow
57.9%
Royal Rumble 1998
Goldust
57%
Royal Rumble 1999
Mabel
51.4%
Over the Edge 1999
Viscera
51.4%
No Way Out of Texas: In Your House
Savio Vega
49.4%
Vengeance 2007
King Booker
49.1%
Vengeance 2007
Bobby Lashley
47.5%
ECW One Night Stand 2006
Beulah McGillicutty
43.6%
No Mercy 1999
Val Venis
42.9%
Survivor Series 1998
Duane Gill
38.2%
Taboo Tuesday 2005
Carlito
37.7%
King of the RIng 1997
Jerry Lawler
33.2%
In Your House 9: International Incident
Henry Godwinn
22.5%
Quiz Playlist
Details
Report
Send in Message
Add To Playlist
Classic:
Type in answers that appear in a list
Last Updated: Mar 13, 2017
Curator Pick in
WWE
Quiz Scoreboard
CHALLENGE
Sign Up to Join the Scoreboard
Show All
Scores
Hide
Comments
May contain spoilers
Recently Published
Holiday 10x10 Sorting Gallery
by lukepisani3
Holiday
15m
Two Season TV Shows II
by 123Four
Television
10m
Image Sorting: Flags VI
by Barbecue
Geography
2m
More to Explore
Quiz From the Vault
Featured Blog Post
14 Easter Pick-up Lines to Find Eggs With
hide this ad
You Might Also Like...
Tags
WWE Quiz
cactus
Foley
Mankind
mick
Mick Foley
PPV
PPV Opponents
Wrestling
WWF
Today's Top Quizzes in Sports
Browse Sports
hide this ad
Today's Top Quizzes in WWE
Browse WWE
Top Contributed Quizzes in Sports
1
Les meilleurs buteurs des matchs entre le PSG et l’OM
2
Les entraîneurs de l'OM et du PSG au 21e siècle
3
2022 World Cup Stars
4
Players with Multiple 50 Home Run Seasons
5
Les joueurs passés par le PSG et l'OM
6
FIFA Club World Cup Champions
7
Top 10 NHL Goal Scorers of All Time
8
Criteria MLB: Left Handed Sluggers
9
Les joueurs passés par le LOSC et le RC Lens
10
2023 MLB Unique Player Accomplishments
Explore More
Trending Topics
Disney
Kpop
Harry Potter
Anime
Marvel
NBA
Crossword
Pokémon
Puzzle
Song
Country
WWE
The Office
Soccer
NFL
hide this ad
More By:
bflan686
Quiz
Plays
Rating
Category
Featured
Created
Mick Foley's WWE PPV Opponents
11,615
4.16
Sports
Jul 5, 2011
Shane McMahon's WWE Opponents
3,730
3.69
Sports
Jul 6, 2011
Randy Savage's WCW PPV Opponents
3,188
3.05
Sports
Jul 6, 2011
Kane's WWE PPV Opponents
2,022
4.00
Sports
Jul 29, 2011
CM Punk's PPV Opponents
1,058
3.50
Sports
Jul 7, 2011
Go to Creator's Profile
Score Distribution
Quiz Creator Spotlight
bflan686
Follow
Send a Message
Quizzes Created
-
Created Quiz Play Count
-
More By This Creator
Popular Quizzes Today
1
Find the US States - No Outlines Minefield
2
Colored Red Africa Blitz
3
Find the 'City' Movie
4
The Countries of the World
5
Find the US States
6
5x2 Blitz: Bands
7
Find the Countries of Europe - No Outlines Minefield
8
US States
More Sports Quizzes
NFL Starting QBs 2010s
Quiz Lab
Trending Quizzes
Colored Red Europe Blitz I
Colored Red Europe Blitz II
Colored Red Africa Blitz II
Colored Red Europe Blitz III
Colored Red Africa Blitz III
Recently Updated
Odd Team Out - Big 4 Players
pecheneg
Quick Pick: 20 Twenties
pecheneg
March Madness Men's Triple Doubles
pecheneg
How Do You Spell That?
pecheneg
Godzilla Movies
pecheneg
Grab Bag: 4-10 Letters
pecheneg
2024 March Madness Bracket
pecheneg
Famous TV Couples
Peacemaker
Champions League XIs: Real Madrid
pecheneg
Largest US Cities 1790-2010
pecheneg
Trending Topics
Harry Potter
Crossword
Disney
Anime
Kpop
NBA
Marvel
WWE
Country
NFL
Song
Pokémon
The Office
Soccer
Puzzle
Your Account Isn't Verified!
In order to create a playlist on Sporcle, you need to verify the email address you used during registration. Go to your
Sporcle Settings
to finish the process.
Report this User
Report this user for behavior that violates our
Community Guidelines
.
Details:
Send Report
Go to the Sporcle.com Mobile Site →
Comments